PLASTKO 2026 : sborník příspěvků z konference, 22. - 23. dubna 2026
Saved in:
| Corporate Author | |
|---|---|
| Other Authors | , , , |
| Format | Electronic eBook |
| Language | Czech English |
| Published |
Zlín :
Univerzita Tomáše Bati ve Zlíně,
2026
|
| Edition | První |
| Subjects | |
| Online Access | Full text |
| ISBN | 978-80-7678-394-2 |
| Physical Description | 1 online zdroj (205 stran) : ilustrace |
Cover
| LEADER | 00000nam a2200000 i 4500 | ||
|---|---|---|---|
| 001 | 115744 | ||
| 003 | CZ ZlUTB | ||
| 005 | 20260601095231.0 | ||
| 006 | m o d | ||
| 007 | cr |n | ||
| 008 | 260601s2026 xr a fo 100 0 cze d | ||
| 020 | |a 978-80-7678-394-2 |q (pdf ; |q online) | ||
| 040 | |a ZLD002 |b cze |e rda | ||
| 041 | 0 | |a cze |a eng | |
| 072 | 7 | |a 678 |x Průmysl makromolekulárních látek. Gumárenský průmysl. Průmysl plastů |2 Konspekt |9 19 | |
| 080 | |a 678 |2 MRF | ||
| 080 | |a 62-1/-9 |2 MRF | ||
| 080 | |a (062.534) |2 MRF | ||
| 080 | |a (0.034.2:08) |2 MRF | ||
| 245 | 0 | 0 | |a PLASTKO 2026 : |b sborník příspěvků z konference, 22. - 23. dubna 2026 / |c editoři Ivana Bartoníková, Přemysl Strážnický, Jarmila Strážnická, Večeře Petr |
| 250 | |a První | ||
| 264 | 1 | |a Zlín : |b Univerzita Tomáše Bati ve Zlíně, |c 2026 | |
| 300 | |a 1 online zdroj (205 stran) : |b ilustrace | ||
| 336 | |a text |b txt |2 rdacontent | ||
| 337 | |a počítač |b c |2 rdamedia | ||
| 338 | |a online zdroj |b cr |2 rdacarrier | ||
| 504 | |a Obsahuje bibliografie | ||
| 546 | |a Český a anglický text | ||
| 650 | 0 | 7 | |a plastikářský průmysl |7 ph124102 |2 czenas |
| 650 | 0 | 7 | |a výrobní stroje |7 ph127453 |2 czenas |
| 650 | 0 | 9 | |a plastics industry |2 eczenas |
| 650 | 0 | 9 | |a manufacturing machines |2 eczenas |
| 655 | 7 | |a sborníky konferencí |7 fd133333 |2 czenas | |
| 655 | 7 | |a elektronické knihy |7 fd186907 |2 czenas | |
| 655 | 9 | |a electronic books |2 eczenas | |
| 655 | 9 | |a proceedings of conferences |2 eczenas | |
| 700 | 1 | |a Bartoníková, Ivana |4 edt | |
| 700 | 1 | |a Strážnický, Přemysl |4 edt | |
| 700 | 1 | |a Strážnická, Jarmila |4 edt | |
| 700 | 1 | |a Večeře, Petr |4 edt | |
| 710 | 2 | |a Univerzita Tomáše Bati ve Zlíně |7 xx0011099 |4 pbl | |
| 711 | 2 | |a Plastko (konference) |7 kn20110214006 | |
| 856 | 4 | 1 | |u https://digilib.k.utb.cz/handle/10563/59421 |
| 910 | |a ZLD002 | ||
| 942 | |2 udc | ||
| 992 | |a BK | ||
| 993 | |x NEPOSILAT |y EIZ | ||
| 999 | |c 115744 |d 115744 | ||